Living in the environment : (Record no. 22600)

MARC details
000 -LEADER
fixed length control field 01122pam a2200301 a 4500
001 - CONTROL NUMBER
control field 4415102
003 - CONTROL NUMBER IDENTIFIER
control field OSt
005 - DATE AND TIME OF LATEST TRANSACTION
control field 20211215102825.0
008 - FIXED-LENGTH DATA ELEMENTS--GENERAL INFORMATION
fixed length control field 930511s1994 cauab b 001 0 eng
010 ## - LIBRARY OF CONGRESS CONTROL NUMBER
LC control number 93022763
020 ## - INTERNATIONAL STANDARD BOOK NUMBER
International Standard Book Number 053419950X (acidfree paper)
040 ## - CATALOGING SOURCE
Original cataloging agency DLC
Transcribing agency HU
Modifying agency DLC
050 00 - LIBRARY OF CONGRESS CALL NUMBER
Classification number GF41
Item number .M54 1994
082 00 - DEWEY DECIMAL CLASSIFICATION NUMBER
Classification number 363.7 MIL 1994
Edition number 20
100 1# - MAIN ENTRY--PERSONAL NAME
Personal name Miller, G. Tyler
Fuller form of name (George Tyler),
Dates associated with a name 1931-
9 (RLIN) 22329
245 10 - TITLE STATEMENT
Title Living in the environment :
Remainder of title principles, connections, and solutions /
Statement of responsibility, etc. G. Tyler Miller, Jr.
250 ## - EDITION STATEMENT
Edition statement 8th ed.
260 ## - PUBLICATION, DISTRIBUTION, ETC.
Place of publication, distribution, etc. Belmont, Calif. :
Name of publisher, distributor, etc. Wadsworth Pub. Co.,
Date of publication, distribution, etc. c1994.
300 ## - PHYSICAL DESCRIPTION
Extent xxv, 701 p. :
Other physical details ill. (some col.), col. maps ;
Dimensions 29 cm.
440 #0 - SERIES STATEMENT/ADDED ENTRY--TITLE
Title Wadsworth biology series
9 (RLIN) 23018
504 ## - BIBLIOGRAPHY, ETC. NOTE
Bibliography, etc. note Includes bibliographical references and index.
650 #0 - SUBJECT ADDED ENTRY--TOPICAL TERM
Topical term or geographic name entry element Human ecology.
9 (RLIN) 5305
650 #0 - SUBJECT ADDED ENTRY--TOPICAL TERM
Topical term or geographic name entry element Environmental policy.
9 (RLIN) 2112
650 #0 - SUBJECT ADDED ENTRY--TOPICAL TERM
Topical term or geographic name entry element Environmental sciences.
9 (RLIN) 5765
906 ## - LOCAL DATA ELEMENT F, LDF (RLIN)
a 7
b cbc
c orignew
d 1
e ocip
f 19
g y-gencatlg
942 ## - ADDED ENTRY ELEMENTS (KOHA)
Source of classification or shelving scheme Dewey Decimal Classification
Koha item type Books like text book referance book
Suppress in OPAC No
Holdings
Withdrawn status Lost status Source of classification or shelving scheme Damaged status Not for loan Collection code Home library Current library Shelving location Date acquired Total Checkouts Full call number Barcode Date last seen Copy number Price effective from Koha item type
    Dewey Decimal Classification     Reference Wondo Genet Library Wondo Genet Library General Stacks 12/15/2021   363.7 MIL 1994 WGCFNRL00007375 12/15/2021 1 12/15/2021 Books like text book referance book